| 000 | 00604nam a2200205 4500 | ||
|---|---|---|---|
| 001 | 3966 | ||
| 005 | 20181127172309.0 | ||
| 010 | 0 | 0 | _a |
| 020 | 0 | 0 | _a |
| 090 | 0 | 0 | _a339 C4356m 2013 |
| 100 | 0 | 0 | _a Chakraborty, Swati. |
| 245 | 0 | 0 |
_aMacroeconomics / _b _cDr. Swati Chakraborty. _h |
| 250 | 0 | 0 | _a |
| 260 | 0 | 0 |
_a[Thimphu] : _b[Royal Thimphu College], _c2013. |
| 300 | 0 | 0 | _a102 leaves. |
| 500 | _aModule: ECP202, Macroeconomics by Dr. Swati Chakraborty. | ||
| 500 | 0 | 0 | _aSpiral-bound xerographic copy |
| 610 |
_aRoyal Thimphu College. _b _c _d _e _f _g _k _l _m _n _o _p _r _s _t _v _x _y _z _2 |
||
| 650 | 0 | 0 |
_aMacroeconomics. _x |
| 999 |
_c3236 _d3236 |
||